| 000 | 00502nam a22001813a 4500 | ||
|---|---|---|---|
| 005 | 20230627063558.0 | ||
| 008 | 010924s2001 fr r 000 0 eng d | ||
| 020 | _a9264185682 | ||
| 035 | _aUPN01000111922 | ||
| 049 | _aCG | ||
| 050 | 4 |
_aLC65 _bC5.7 |
|
| 245 | 0 | 0 | _aCities and regions in the new learning economy. |
| 260 |
_aParís : _bOECD, _c2001. |
||
| 300 |
_a147 p. : _btablas, gráfs. |
||
| 440 | 0 | _aEducation and skills | |
| 650 | 4 |
_aEducación _xAspectos económicos _911820 |
|
| 905 | _aLibro | ||
| 999 |
_c85830 _d85830 |
||